000 01319nam a2200277 a 4500
001 84057
003 BD-RjUL
005 20241001113747.0
008 241001s2024 bg ||||| |||| 00| 0 ben d
020 _a9789840431922
035 _a(BD-RjUL)84057
040 _aBD-RjUL
_beng
_cBD-RjUL
041 _aben
082 _223
_a954.9205
_bKAE 2024
100 _aকামাল, মেসবাহ
_913645
245 1 0 _aএকাত্তরে রাজশাহী উপশহর /
_cমেসবাহ কামাল , হারুন অর রশীদ সিদ্দিকী সাপলু , শাহীন তন্দ্রা
260 _aঢাকা :
_bআগামী প্রকাশনী,
_c২০২৪
300 _a২৪০ পৃ. :
_bচিত্রসমূহ;
_c২৪ সেমি.
651 _aবাংলাদেশ
_xইতিহাস
_yবিপ্লব, ১৯৭১
_94487
651 _aরাজশাহী
_xইতিহাস
_yবিপ্লব, ১৯৭১
_913648
651 _aBangladesh
_xHistory
_yRevolution, 1971
651 _aRajshahi
_xHistory
_yRevolution, 1971
_913649
700 _aসাপলু , হারুন অর রশীদ সিদ্দিকী
_913646
700 _aতন্দ্রা, শাহীন
_913647
942 _2ddc
_cBK
999 _c84057
_d84057